| 000 | 01040cam a22003257a 4500 | ||
|---|---|---|---|
| 003 | CHAP | ||
| 005 | 20220329135516.0 | ||
| 008 | 971013s1978 r 00010 d | ||
| 010 | _a37770 | ||
| 011 | _a38742 | ||
| 035 | _a42862 | ||
| 040 | _cCHAP | ||
| 082 |
_a631.3 _bQ8 |
||
| 100 | 0 | 0 |
_aQuick, Graeme R. _993296 |
| 245 | 1 | 4 | _aThe grain harvesters |
| 260 |
_aSt. Joseph, Mich. : _bAmerican Society of Agricultural Engineers, _c1978 |
||
| 300 | _a269 p. | ||
| 590 |
_aBATCH-UPD _b10 _c20130110 _lUCH01 _h0223 |
||
| 590 |
_aBATCH-UPD _b10 _c20130110 _lUCH01 _h1229 |
||
| 590 |
_aBATCH-UPD _b10 _c20130410 _lUCH01 _h1422 |
||
| 590 |
_aBATCH-UPD _b10 _c20130914 _lUCH01 _h0754 |
||
| 590 |
_aCONVERSION _b10 _c20130109 _lUCH01 _h1321 |
||
| 650 | 1 | 4 |
_aMaquinaria agrÃcola. _971151 |
| 650 | 1 | 4 |
_aSegadoras. _9103596 |
| 700 | 0 |
_aBuchele, Wesley F. _915877 |
|
| 901 | _aBK | ||
| 942 | _cLIBRO | ||
| 949 |
_a631.3 Q8 _bBC _cLIBRO _d33724000058152 _eLIBRO _h47533 _i42862 _si |
||
| 949 |
_a631.3 Q8 _bBC _cLIBRO _d33724000058160 _eLIBRO _fc.2 _h50578 _i42862 _si |
||
| 999 |
_c37770 _d37770 |
||